00409nam a2200145Ia 4500008004100000040001900041041001200060082003300072100002100105245003500126260004500161300001700206650001400223850002600237131103s9999 xx 000 0 und d aLoreto College aEnglish aREF/920/VIC-YGLbLCBED/11252 aYglesias, J.R.C. aQueen VictoriacJ.R.C.Yglesias aLoughboroughbLadybird books ltd.c[19?] a51p c 18cm. aBiography aLCBED/REF/920/VIC-YGL